[Event "2. Open Sant Adria de Besos 2018 - B"]
[Site "Sant Adria de Besos ESP"]
[Date "2018.08.12"]
[Round "4.3"]
[White "Donas Perez, Emilio"]
[Black "Arroyo Vega, Valenti"]
[Result "1/2-1/2"]
[WhiteElo "1747"]
[BlackElo "1845"]
[PlyCount "53"]
[EventDate "2018.08.10"]
[EventType "swiss"]
[EventRounds "9"]
[EventCountry "ESP"]
[SourceTitle "Ajedrez en Madrid"]
[Source "lmi"]
[SourceDate "2018.08.10"]
[SourceVersion "1"]
[SourceVersionDate "2019.07.09"]
[SourceQuality "1"]

1. d4 d5 2. Bf4 Nf6 3. e3 e6 4. Bd3 Bd6 5. Bg3 c5 6. c3 Nc6 7. Nf3 b6 8. Ne5
Bxe5 9. dxe5 Nd7 10. f4 Bb7 11. Nd2 Qe7 12. Qe2 f5 13. Nf3 h6 14. O-O-O O-O-O
15. Bh4 g5 16. fxg5 Qf8 17. gxh6 Re8 18. Bg3 Qxh6 19. Bf4 Qg7 20. Bb5 Reg8 21.
Rhg1 Ndxe5 22. Nd2 Qg4 23. Qxg4 fxg4 24. Be2 Ng6 25. Bg3 Nge7 26. Bd3 Rf8 27.
Be2 1/2-1/2

[Event "2. Open Sant Adria de Besos 2018 - B"]
[Site "Sant Adria de Besos ESP"]
[Date "2018.08.12"]
[Round "4.4"]
[White "Toribio Ruiz, Ismael"]
[Black "Losada Ferriz, Joan Manel"]
[Result "0-1"]
[WhiteElo "1713"]
[BlackElo "1827"]
[PlyCount "31"]
[EventDate "2018.08.10"]
[EventType "swiss"]
[EventRounds "9"]
[EventCountry "ESP"]
[SourceTitle "Ajedrez en Madrid"]
[Source "lmi"]
[SourceDate "2018.08.10"]
[SourceVersion "1"]
[SourceVersionDate "2019.07.09"]
[SourceQuality "1"]

1. e4 e5 2. c3 d5 3. exd5 Qxd5 4. d3 Nf6 5. Nf3 Bg4 6. Be2 Nc6 7. Nbd2 O-O-O 8.
O-O e4 9. dxe4 Nxe4 10. Qb3 Nxd2 11. Qxd5 Rxd5 12. c4 Rd7 13. Nxd2 Bxe2 14. Re1
Bh5 15. Nb3 Bb4 16. Be3 0-1

[Event "2. Open Sant Adria de Besos 2018 - B"]
[Site "Sant Adria de Besos ESP"]
[Date "2018.08.12"]
[Round "4.5"]
[White "Hovakimyan, Narek"]
[Black "Clanchet Olle, Josep"]
[Result "1-0"]
[WhiteElo "1851"]
[BlackElo "1696"]
[PlyCount "63"]
[EventDate "2018.08.10"]
[EventType "swiss"]
[EventRounds "9"]
[EventCountry "ESP"]
[SourceTitle "Ajedrez en Madrid"]
[Source "lmi"]
[SourceDate "2018.08.10"]
[SourceVersion "1"]
[SourceVersionDate "2019.07.09"]
[SourceQuality "1"]

1. e4 e5 2. Nf3 Nc6 3. d4 exd4 4. Nxd4 Bc5 5. Be3 Bxd4 6. Bxd4 Nf6 7. Nc3 d6 8.
Bb5 Bd7 9. Be3 Ne5 10. Bxd7+ Qxd7 11. O-O O-O 12. f3 Nc4 13. Bd4 Qe6 14. b3 Nb6
15. Qd2 Nbd7 16. Rae1 c5 17. Bf2 a6 18. Rd1 Rac8 19. Qxd6 Rfe8 20. Qxe6 Rxe6
21. Nd5 Nxd5 22. Rxd5 Nf6 23. Rd2 c4 24. b4 b5 25. c3 Ra8 26. Rfd1 h6 27. a3
Kh7 28. Rd8 Rxd8 29. Rxd8 Re7 30. Bd4 Rd7 31. Bxf6 Rxd8 32. Bxd8 1-0

[Event "2. Open Sant Adria de Besos 2018 - B"]
[Site "Sant Adria de Besos ESP"]
[Date "2018.08.12"]
[Round "4.6"]
[White "Costa Trave, Jaume"]
[Black "Castellon Baeza, Jose Felipe"]
[Result "1-0"]
[WhiteElo "1791"]
[BlackElo "1836"]
[PlyCount "125"]
[EventDate "2018.08.10"]
[EventType "swiss"]
[EventRounds "9"]
[EventCountry "ESP"]
[SourceTitle "Ajedrez en Madrid"]
[Source "lmi"]
[SourceDate "2018.08.10"]
[SourceVersion "1"]
[SourceVersionDate "2019.07.09"]
[SourceQuality "1"]

1. d4 d5 2. Nc3 Nf6 3. Bf4 c6 4. e3 Bf5 5. Bd3 Bxd3 6. cxd3 e6 7. Nge2 g6 8.
Qc2 Bg7 9. f3 O-O 10. O-O-O Na6 11. g4 Re8 12. h4 Nd7 13. h5 g5 14. Bg3 h6 15.
f4 f6 16. e4 Rc8 17. Kb1 Nb6 18. e5 Nc7 19. Qd2 Nd7 20. Rdg1 c5 21. exf6 Bxf6
22. fxg5 Bxg5 23. Bf4 cxd4 24. Bxg5 dxc3 25. Bxd8 cxd2 26. Bxc7 Rxc7 27. g5 Ne5
28. gxh6+ Kh7 29. Rd1 Nf3 30. Rhf1 Rf7 31. Nd4 Ne5 32. Rxf7+ Nxf7 33. Rxd2 Kxh6
34. Rf2 Ne5 35. Rf6+ Kxh5 36. Nxe6 Kg4 37. d4 Nc6 38. Kc1 a6 39. Kd2 Re7 40. a3
Re8 41. Kc3 a5 42. Kd3 Re7 43. Nc5 Rh7 44. Rg6+ Kf5 45. Rg3 b5 46. Rf3+ Kg6 47.
Re3 Rh2 48. Kc3 Kf5 49. Rf3+ Kg4 50. Rd3 Rf2 51. Nd7 Rf3 52. Nb6 Rxd3+ 53. Kxd3
Ne7 54. Na8 Nc8 55. Nc7 Nd6 56. Nxd5 Kf3 57. Nc7 Kf4 58. Kc3 Ke4 59. d5 Ke5 60.
b3 Ke4 61. a4 b4+ 62. Kc2 Ke5 63. Kd3 1-0

[Event "2. Open Sant Adria de Besos 2018 - B"]
[Site "Sant Adria de Besos ESP"]
[Date "2018.08.12"]
[Round "4.7"]
[White "Nailer, Ali"]
[Black "Flores Linan, Jose Luis"]
[Result "1-0"]
[WhiteElo "1782"]
[BlackElo "1833"]
[PlyCount "29"]
[EventDate "2018.08.10"]
[EventType "swiss"]
[EventRounds "9"]
[EventCountry "ESP"]
[SourceTitle "Ajedrez en Madrid"]
[Source "lmi"]
[SourceDate "2018.08.10"]
[SourceVersion "1"]
[SourceVersionDate "2019.07.09"]
[SourceQuality "1"]

1. c4 Nf6 2. g3 d6 3. Bg2 g6 4. Nf3 Bg7 5. Nc3 c5 6. d4 O-O 7. O-O Na6 8. dxc5
dxc5 9. Bd2 Bd7 10. Ne5 Qc8 11. Qb3 Nb4 12. Rfd1 Bc6 13. Nxc6 Nxc6 14. Be3 Nd7
15. Rd2 1-0

[Event "2. Open Sant Adria de Besos 2018 - B"]
[Site "Sant Adria de Besos ESP"]
[Date "2018.08.12"]
[Round "4.8"]
[White "Molina Hernandez, Albert"]
[Black "Duquesne, Julien"]
[Result "1-0"]
[WhiteElo "1762"]
[BlackElo "1816"]
[PlyCount "61"]
[EventDate "2018.08.10"]
[EventType "swiss"]
[EventRounds "9"]
[EventCountry "ESP"]
[SourceTitle "Ajedrez en Madrid"]
[Source "lmi"]
[SourceDate "2018.08.10"]
[SourceVersion "1"]
[SourceVersionDate "2019.07.09"]
[SourceQuality "1"]

1. e4 e5 2. Nf3 Nc6 3. Bb5 a6 4. Ba4 Nf6 5. d3 d6 6. h3 Be7 7. c3 O-O 8. O-O b5
9. Bc2 d5 10. exd5 Nxd5 11. Re1 Bd6 12. Bg5 Nde7 13. Nbd2 f6 14. Bh4 Ng6 15. d4
exd4 16. Be4 Bd7 17. cxd4 Ra7 18. Nb3 Nce7 19. Nc5 Nxh4 20. Nxh4 f5 21. Bd3 Rf6
22. Nf3 Bxc5 23. dxc5 c6 24. Bc2 Nd5 25. Ne5 Qc8 26. Qf3 Be6 27. Bb3 Ne7 28.
Rad1 Bd5 29. Nxc6 Qxc6 30. Rxe7 Bxb3 31. Qxb3+ 1-0

[Event "2. Open Sant Adria de Besos 2018 - B"]
[Site "Sant Adria de Besos ESP"]
[Date "2018.08.12"]
[Round "4.9"]
[White "Rocher Gonzalez, Vicenc"]
[Black "Corominas Garrido, Antonio"]
[Result "1/2-1/2"]
[WhiteElo "1809"]
[BlackElo "1789"]
[PlyCount "133"]
[EventDate "2018.08.10"]
[EventType "swiss"]
[EventRounds "9"]
[EventCountry "ESP"]
[SourceTitle "Ajedrez en Madrid"]
[Source "lmi"]
[SourceDate "2018.08.10"]
[SourceVersion "1"]
[SourceVersionDate "2019.07.09"]
[SourceQuality "1"]

1. c4 e5 2. g3 Bc5 3. Bg2 Nf6 4. Nc3 a6 5. d3 h6 6. Nf3 d6 7. O-O O-O 8. a3 Be6
9. b4 Ba7 10. Qc2 Nc6 11. Rb1 Rb8 12. a4 Qd7 13. b5 Ne7 14. e4 Ng4 15. Nd5 f5
16. h3 fxe4 17. dxe4 Nxf2 18. b6 Nxh3+ 19. Kh2 cxb6 20. Nxe7+ Qxe7 21. Bxh3
Rbc8 22. Bxe6+ Qxe6 23. Be3 Qxc4 24. Qb3 Kh8 25. Qxc4 Rxc4 26. Nd2 Rxf1 27.
Rxf1 Rc3 28. Rf3 Kg8 29. a5 Rc2 30. Rf2 Rc3 31. axb6 Bb8 32. Rf3 Rd3 33. Kg2 d5
34. exd5 Rxd5 35. Ne4 Rd7 36. Bxh6 Rd4 37. Bxg7 Kxg7 38. Nc5 Rb4 39. Rb3 Rxb3
40. Nxb3 Bd6 41. Kf3 Kf6 42. Ke4 Ke6 43. g4 Bb4 44. g5 a5 45. g6 a4 46. Nc1 a3
47. g7 Kf7 48. g8=Q+ Kxg8 49. Kxe5 Kf7 50. Kd5 Ke7 51. Kc4 Bd6 52. Kb5 Kd7 53.
Na2 Ke6 54. Kc4 Ke5 55. Nc3 Be7 56. Kb3 Kd4 57. Nb5+ Kd5 58. Nxa3 Bxa3 59. Kxa3
Kc5 60. Ka4 Kxb6 61. Kb4 Kc6 62. Kc4 b5+ 63. Kb4 Kb6 64. Kb3 Kc5 65. Kc3 b4+
66. Kb3 Kb5 67. Kb2 1/2-1/2

[Event "2. Open Sant Adria de Besos 2018 - B"]
[Site "Sant Adria de Besos ESP"]
[Date "2018.08.12"]
[Round "4.14"]
[White "Delgado Prada, Yeray"]
[Black "Esteban Lupianez, Jose Miguel"]
[Result "1/2-1/2"]
[WhiteElo "1867"]
[BlackElo "1708"]
[PlyCount "77"]
[EventDate "2018.08.10"]
[EventType "swiss"]
[EventRounds "9"]
[EventCountry "ESP"]
[SourceTitle "Ajedrez en Madrid"]
[Source "lmi"]
[SourceDate "2018.08.10"]
[SourceVersion "1"]
[SourceVersionDate "2019.07.09"]
[SourceQuality "1"]

1. e4 d6 2. d4 Nf6 3. Nc3 e5 4. dxe5 dxe5 5. Qxd8+ Kxd8 6. Bg5 Be6 7. O-O-O+
Nbd7 8. Nf3 Kc8 9. a3 Ng4 10. Bh4 f6 11. h3 Nh6 12. Nd2 c6 13. Bc4 Bxc4 14.
Nxc4 Kc7 15. Bg3 g5 16. f3 Nf7 17. b4 Nd6 18. Ne3 b5 19. Rd3 Be7 20. Rhd1 Nb6
21. Ng4 Rhd8 22. h4 h5 23. Ne3 gxh4 24. Bxh4 Nbc4 25. Nxc4 bxc4 26. R3d2 a5 27.
bxa5 Rxa5 28. a4 Nb7 29. Bf2 Rxd2 30. Kxd2 Bb4 31. Rb1 Bxc3+ 32. Kxc3 Rxa4 33.
Bh4 Nd6 34. Bxf6 Nb5+ 35. Kd2 Kd6 36. g4 Ra3 37. Rf1 Nd4 38. f4 Nf3+ 39. Ke2
1/2-1/2

[Event "2. Open Sant Adria de Besos 2018 - B"]
[Site "Sant Adria de Besos ESP"]
[Date "2018.08.12"]
[Round "4.16"]
[White "Bieg Pagel, Clemens"]
[Black "Alcon Beltran, Alfred"]
[Result "1-0"]
[WhiteElo "1841"]
[BlackElo "1127"]
[PlyCount "63"]
[EventDate "2018.08.10"]
[EventType "swiss"]
[EventRounds "9"]
[EventCountry "ESP"]
[SourceTitle "Ajedrez en Madrid"]
[Source "lmi"]
[SourceDate "2018.08.10"]
[SourceVersion "1"]
[SourceVersionDate "2019.07.09"]
[SourceQuality "1"]

1. e4 c6 2. Nf3 d5 3. Nc3 Bg4 4. h3 Bxf3 5. Qxf3 e6 6. d3 Nd7 7. a3 Ne5 8. Qg3
Ng6 9. h4 Qd6 10. f4 N8e7 11. h5 d4 12. Ne2 e5 13. hxg6 Nxg6 14. fxe5 Qxe5 15.
Qxe5+ Nxe5 16. Nxd4 g6 17. Be2 h5 18. g4 Rd8 19. Bf4 Bg7 20. Nb3 b6 21. gxh5
gxh5 22. Rxh5 Rxh5 23. Bxh5 Rd6 24. d4 Rf6 25. Bxe5 Rh6 26. Bxg7 Rxh5 27. O-O-O
a5 28. e5 a4 29. Nd2 b5 30. Ne4 Ke7 31. Nc5 Rh7 32. Bf6+ 1-0

[Event "2. Open Sant Adria de Besos 2018 - B"]
[Site "Sant Adria de Besos ESP"]
[Date "2018.08.13"]
[Round "5.2"]
[White "Martinez Buendia, Andres"]
[Black "Bes Alvarez, Alex"]
[Result "0-1"]
[WhiteElo "1769"]
[BlackElo "1834"]
[PlyCount "79"]
[EventDate "2018.08.10"]
[EventType "swiss"]
[EventRounds "9"]
[EventCountry "ESP"]
[SourceTitle "Ajedrez en Madrid"]
[Source "lmi"]
[SourceDate "2018.08.10"]
[SourceVersion "1"]
[SourceVersionDate "2019.07.09"]
[SourceQuality "1"]

1. e4 c5 2. Nf3 a6 3. d4 cxd4 4. Nxd4 Nf6 5. Nc3 e5 6. Nde2 Bb4 7. Bg5 d6 8. a3
Bc5 9. Qd2 O-O 10. f3 h6 11. Bh4 Nxe4 12. Nxe4 Qxh4+ 13. g3 Qe7 14. O-O-O Be6
15. b4 Bb6 16. Qxd6 Nc6 17. Qxe7 Nxe7 18. Nd6 Rad8 19. c4 Be3+ 20. Kc2 Nf5 21.
c5 Nxd6 22. cxd6 Bf5+ 23. Kb2 Rc8 24. g4 Be6 25. Bg2 Rfd8 26. Rd3 Bb6 27. Rc1
Rxc1 28. Nxc1 Bd4+ 29. Kc2 Rxd6 30. Nb3 Kf8 31. f4 b6 32. Nxd4 exd4 33. f5 Bc4
34. Rd1 Be2 35. Rc1 Bxg4 36. Be4 Ke7 37. Kd3 Kf6 38. Rg1 h5 39. Rg3 Kg5 40. Bb7
0-1

[Event "2. Open Sant Adria de Besos 2018 - B"]
[Site "Sant Adria de Besos ESP"]
[Date "2018.08.13"]
[Round "5.8"]
[White "Clanchet Olle, Josep"]
[Black "Vives Cabau, Jordi"]
[Result "0-1"]
[WhiteElo "1696"]
[BlackElo "1845"]
[PlyCount "50"]
[EventDate "2018.08.10"]
[EventType "swiss"]
[EventRounds "9"]
[EventCountry "ESP"]
[SourceTitle "Ajedrez en Madrid"]
[Source "lmi"]
[SourceDate "2018.08.10"]
[SourceVersion "1"]
[SourceVersionDate "2019.07.09"]
[SourceQuality "1"]

1. e4 e5 2. Nf3 Nc6 3. Bc4 Nf6 4. Nc3 Nxe4 5. Nxe4 d5 6. Qe2 dxc4 7. Qxc4 Be7
8. d3 h6 9. Be3 O-O 10. Bc5 Be6 11. Qb5 Nd4 12. Nxd4 exd4 13. O-O Qd5 14. Qb4
Bxc5 15. Qxc5 Qd7 16. f4 f5 17. Nd2 b6 18. Qa3 Bd5 19. Nf3 Bxf3 20. Rxf3 Rfe8
21. Qb3+ Kh8 22. Raf1 Re2 23. R3f2 Rae8 24. Rxe2 Rxe2 25. Rf2 Re1+ 0-1

[Event "2. Open Sant Adria de Besos 2018 - B"]
[Site "Sant Adria de Besos ESP"]
[Date "2018.08.14"]
[Round "6.1"]
[White "Delgado Prada, Yeray"]
[Black "Nailer, Ali"]
[Result "1/2-1/2"]
[WhiteElo "1867"]
[BlackElo "1782"]
[PlyCount "69"]
[EventDate "2018.08.10"]
[EventType "swiss"]
[EventRounds "9"]
[EventCountry "ESP"]
[SourceTitle "Ajedrez en Madrid"]
[Source "lmi"]
[SourceDate "2018.08.10"]
[SourceVersion "1"]
[SourceVersionDate "2019.07.09"]
[SourceQuality "1"]

1. e4 d5 2. exd5 Qxd5 3. Nc3 Qd6 4. d4 Nf6 5. Nf3 g6 6. g3 Bg7 7. Bg2 O-O 8.
O-O Rd8 9. Bf4 Qb6 10. Na4 Qa5 11. c3 Na6 12. Re1 Nd5 13. b4 Qb5 14. Bd2 h6 15.
Ne5 Nb6 16. Nb2 Qe8 17. Qc1 Kh7 18. a4 Nd7 19. Nec4 c6 20. Bf4 Qf8 21. b5 Nab8
22. Na5 e5 23. bxc6 Nxc6 24. Nxc6 bxc6 25. Bxc6 Rb8 26. dxe5 g5 27. e6 fxe6 28.
Bxb8 Nxb8 29. Bg2 Nd7 30. Rxe6 Ne5 31. Qc2+ Kh8 32. Rxe5 Bxe5 33. Nc4 Bg7 34.
Re1 Qc5 35. Ne3 1/2-1/2

[Event "2. Open Sant Adria de Besos 2018 - B"]
[Site "Sant Adria de Besos ESP"]
[Date "2018.08.14"]
[Round "6.2"]
[White "Bes Alvarez, Alex"]
[Black "Molina Hernandez, Albert"]
[Result "1-0"]
[WhiteElo "1834"]
[BlackElo "1762"]
[PlyCount "104"]
[EventDate "2018.08.10"]
[EventType "swiss"]
[EventRounds "9"]
[EventCountry "ESP"]
[SourceTitle "Ajedrez en Madrid"]
[Source "lmi"]
[SourceDate "2018.08.10"]
[SourceVersion "1"]
[SourceVersionDate "2019.07.09"]
[SourceQuality "1"]

1. d4 d5 2. Bg5 Nf6 3. Bxf6 gxf6 4. e3 f5 5. g3 e6 6. Bg2 Nd7 7. Nd2 Nf6 8. Ne2
Bd7 9. c4 c5 10. cxd5 exd5 11. O-O Bb5 12. Re1 Bxe2 13. Qxe2 Ne4 14. dxc5 Qa5
15. Nb3 Qc7 16. Qb5+ Qc6 17. Qxc6+ bxc6 18. Rac1 Bg7 19. f3 Ng5 20. Nd4 Kd7 21.
f4 Ne6 22. Nxf5 Bxb2 23. Rb1 Rab8 24. Re2 Ba3 25. Rd1 Bxc5 26. Nd4 Rb4 27. Nb3
Bb6 28. Kf1 Kc7 29. Rc1 Rd8 30. e4 Rc4 31. exd5 Rxc1+ 32. Nxc1 cxd5 33. Nd3 Nd4
34. Re7+ Kd6 35. Rxf7 Rc8 36. Bh3 Rc3 37. Rd7+ Kc6 38. Ne5+ Kb5 39. Rxd5+ Kb4
40. Bg4 Nc2 41. Ke2 Ne3 42. Rd3 Nxg4 43. Rxc3 Kxc3 44. Nxg4 Bd4 45. f5 h5 46.
Ne3 a5 47. Nd5+ Kb2 48. Kd3 Be5 49. f6 Kxa2 50. f7 Bg7 51. Kc2 Ka3 52. Nf6 Kb4
1-0

[Event "2. Open Sant Adria de Besos 2018 - B"]
[Site "Sant Adria de Besos ESP"]
[Date "2018.08.14"]
[Round "6.3"]
[White "Donas Perez, Emilio"]
[Black "Losada Ferriz, Joan Manel"]
[Result "0-1"]
[WhiteElo "1747"]
[BlackElo "1827"]
[PlyCount "116"]
[EventDate "2018.08.10"]
[EventType "swiss"]
[EventRounds "9"]
[EventCountry "ESP"]
[SourceTitle "Ajedrez en Madrid"]
[Source "lmi"]
[SourceDate "2018.08.10"]
[SourceVersion "1"]
[SourceVersionDate "2019.07.09"]
[SourceQuality "1"]

1. d4 d5 2. Bf4 Nf6 3. Nf3 Bf5 4. e3 Nh5 5. Bg5 h6 6. Bh4 g5 7. Nfd2 Bg6 8. Be2
Ng7 9. Bg3 Nf5 10. Bh5 Bxh5 11. Qxh5 Nxg3 12. hxg3 Nd7 13. c3 e5 14. Qe2 exd4
15. cxd4 c6 16. a3 Qe7 17. Nc3 O-O-O 18. O-O-O Kb8 19. Kb1 Qe6 20. g4 Bg7 21.
Nf1 f5 22. gxf5 Qxf5+ 23. Ka1 Nf6 24. Ng3 Qg4 25. Nh5 Qxe2 26. Nxe2 Nxh5 27.
Rxh5 Rhf8 28. Rf1 Rde8 29. Rh3 h5 30. Rf3 Rxf3 31. gxf3 Rf8 32. Ng1 Bh6 33. Kb1
Kc7 34. Kc2 Kd6 35. Kd3 b6 36. b4 Ra8 37. e4 a5 38. e5+ Kc7 39. b5 cxb5 40. Rb1
Kc6 41. Rc1+ Kb7 42. Rb1 b4 43. axb4 axb4 44. Rxb4 Ra3+ 45. Kc2 Ra2+ 46. Rb2
Ra1 47. Rb1 Ra2+ 48. Rb2 Ra4 49. Kd3 Ra3+ 50. Kc2 h4 51. Rb3 Ra2+ 52. Rb2 Ra4
53. Kc3 Rc4+ 54. Kd3 Rc1 55. Ne2 h3 56. Ng3 h2 57. Re2 Bf8 58. e6 Be7 0-1

[Event "2. Open Sant Adria de Besos 2018 - B"]
[Site "Sant Adria de Besos ESP"]
[Date "2018.08.14"]
[Round "6.4"]
[White "Vives Cabau, Jordi"]
[Black "Arroyo Vega, Valenti"]
[Result "0-1"]
[WhiteElo "1845"]
[BlackElo "1845"]
[PlyCount "96"]
[EventDate "2018.08.10"]
[EventType "swiss"]
[EventRounds "9"]
[EventCountry "ESP"]
[SourceTitle "Ajedrez en Madrid"]
[Source "lmi"]
[SourceDate "2018.08.10"]
[SourceVersion "1"]
[SourceVersionDate "2019.07.09"]
[SourceQuality "1"]

1. f4 d5 2. e3 Nf6 3. b3 Bf5 4. Bb2 e6 5. Nf3 c5 6. Bb5+ Nc6 7. Ne5 Qc7 8. O-O
a6 9. Bxc6+ bxc6 10. d3 h6 11. g4 Bg6 12. Nxg6 fxg6 13. Be5 Bd6 14. Bxd6 Qxd6
15. Nd2 O-O 16. Qe2 e5 17. Qg2 exf4 18. exf4 Qe6 19. h3 Qe3+ 20. Qf2 Qxh3 21.
Qf3 Qxg4+ 22. Qxg4 Nxg4 23. c4 Rae8 24. cxd5 cxd5 25. Rac1 Re2 26. Nb1 Rfe8 27.
Nc3 Rd2 28. Rf3 Nf6 29. Rf2 Rxd3 30. Na4 Ne4 31. Re2 Rf8 32. Nxc5 Nxc5 33. Rxc5
Rxf4 34. Rc7 g5 35. Rd7 Rdf3 36. Rd2 Rf5 37. R7xd5 Rxd5 38. Rxd5 Kh7 39. Ra5
Rf6 40. a3 Kg6 41. a4 Kh5 42. b4 Kh4 43. b5 axb5 44. axb5 Rd6 45. Kf2 Rd2+ 46.
Ke3 Rb2 47. Kf3 g4+ 48. Kf4 Rb3 0-1

[Event "2. Open Sant Adria de Besos 2018 - B"]
[Site "Sant Adria de Besos ESP"]
[Date "2018.08.14"]
[Round "6.5"]
[White "Onyango, Adia"]
[Black "Martinez Buendia, Andres"]
[Result "1-0"]
[WhiteElo "1741"]
[BlackElo "1769"]
[PlyCount "151"]
[EventDate "2018.08.10"]
[EventType "swiss"]
[EventRounds "9"]
[EventCountry "ESP"]
[SourceTitle "Ajedrez en Madrid"]
[Source "lmi"]
[SourceDate "2018.08.10"]
[SourceVersion "1"]
[SourceVersionDate "2019.07.09"]
[SourceQuality "1"]

1. d4 Nf6 2. c4 g6 3. Nc3 Bg7 4. e4 d6 5. Nf3 O-O 6. Be2 e5 7. O-O exd4 8. Nxd4
Re8 9. f3 c6 10. Nb3 Be6 11. c5 d5 12. exd5 Bxd5 13. Nxd5 cxd5 14. Bb5 Nbd7 15.
Bg5 Re7 16. Bxd7 Qxd7 17. Nd4 Qc7 18. Rc1 Qe5 19. Bh4 Qh5 20. Bg3 Nd7 21. Bd6
Bxd4+ 22. Qxd4 Re2 23. Qb4 Qg5 24. Bg3 Qe3+ 25. Kh1 b6 26. c6 Nc5 27. Bf4 Nd3
28. Bxe3 Nxb4 29. c7 Rc8 30. Bd4 Re7 31. a3 Na6 32. Rcd1 Nxc7 33. Rd2 Rce8 34.
Bf6 Rd7 35. Rc2 Ne6 36. Rfc1 Rb7 37. Kg1 Rbb8 38. Rc6 d4 39. Rd6 Nf4 40. Rc7
Re1+ 41. Kf2 Re2+ 42. Kf1 Rbe8 43. Rd8 Re1+ 44. Kf2 R1e2+ 45. Kf1 Rxd8 46. Bxd8
Re8 47. Bf6 Nd5 48. Rc6 Nxf6 49. Rxf6 Rd8 50. Ke2 Kg7 51. Rc6 Rd7 52. Kd3 Rd5
53. b4 Rh5 54. h3 Rg5 55. Rc2 a5 56. Kxd4 axb4 57. axb4 Rb5 58. Kc4 Rf5 59. Re2
Kf6 60. Re3 h5 61. g4 hxg4 62. hxg4 Rg5 63. Re8 b5+ 64. Kd4 Kg7 65. Re5 Kf6 66.
Rc5 Rxc5 67. Kxc5 Ke5 68. Kxb5 Kf4 69. Kc4 Kxf3 70. b5 Kxg4 71. b6 f5 72. b7 f4
73. b8=Q g5 74. Kd3 Kg3 75. Qe5 g4 76. Ke4 1-0

[Event "2. Open Sant Adria de Besos 2018 - B"]
[Site "Sant Adria de Besos ESP"]
[Date "2018.08.14"]
[Round "6.7"]
[White "Rocher Gonzalez, Vicenc"]
[Black "Low, Ethan"]
[Result "0-1"]
[WhiteElo "1809"]
[BlackElo "1858"]
[PlyCount "74"]
[EventDate "2018.08.10"]
[EventType "swiss"]
[EventRounds "9"]
[EventCountry "ESP"]
[SourceTitle "Ajedrez en Madrid"]
[Source "lmi"]
[SourceDate "2018.08.10"]
[SourceVersion "1"]
[SourceVersionDate "2019.07.09"]
[SourceQuality "1"]

1. c4 Nf6 2. g3 e6 3. Bg2 c5 4. Nc3 d6 5. Nf3 Nbd7 6. d4 Be7 7. O-O O-O 8. Re1
a6 9. e4 cxd4 10. Nxd4 Qc7 11. b3 Re8 12. Bb2 Bf8 13. Rc1 g6 14. Rc2 Rb8 15.
Bc1 b6 16. Bg5 Bb7 17. Qd2 Nh5 18. Bf3 Nhf6 19. Bg2 Rbc8 20. Rcc1 Bg7 21. h3
Rcd8 22. Be3 Nc5 23. Bg5 Qb8 24. b4 Ncd7 25. Rcd1 Rc8 26. Bf1 Ne5 27. f4 Nxc4
28. Bxc4 Rxc4 29. e5 dxe5 30. fxe5 Nd5 31. Nxd5 Bxd5 32. Bf6 Bxf6 33. exf6
Qxg3+ 34. Kf1 Qxh3+ 35. Kf2 Qg2+ 36. Ke3 Qg3+ 37. Ke2 Rxd4 0-1

[Event "2. Open Sant Adria de Besos 2018 - B"]
[Site "Sant Adria de Besos ESP"]
[Date "2018.08.14"]
[Round "6.8"]
[White "Costa Trave, Jaume"]
[Black "Hovakimyan, Narek"]
[Result "0-1"]
[WhiteElo "1791"]
[BlackElo "1851"]
[PlyCount "84"]
[EventDate "2018.08.10"]
[EventType "swiss"]
[EventRounds "9"]
[EventCountry "ESP"]
[SourceTitle "Ajedrez en Madrid"]
[Source "lmi"]
[SourceDate "2018.08.10"]
[SourceVersion "1"]
[SourceVersionDate "2019.07.09"]
[SourceQuality "1"]

1. d4 Nf6 2. Nc3 d5 3. Bf4 c6 4. e3 Bg4 5. f3 Bh5 6. g4 Bg6 7. h4 h5 8. g5 Ng8
9. Bd3 Bxd3 10. Qxd3 g6 11. O-O-O Nd7 12. e4 e6 13. Be5 Nxe5 14. dxe5 Ne7 15.
f4 Bg7 16. Nf3 O-O 17. Ne2 Qa5 18. Kb1 Rfd8 19. Ng3 dxe4 20. Qxe4 Rd5 21. c4
Rxd1+ 22. Rxd1 Rd8 23. Rd3 Bf8 24. Nd4 Qc5 25. b3 b5 26. cxb5 cxb5 27. Nde2 Nd5
28. Qf3 Rc8 29. Rd2 Qb4 30. Ne4 a5 31. Qd3 a4 32. Nf6+ Nxf6 33. exf6 axb3 34.
axb3 Ra8 35. Nd4 Rd8 36. Kc2 Bc5 37. Qe4 Rxd4 38. Rxd4 Qxd4 39. Qa8+ Bf8 40.
Qe8 Qe4+ 41. Kc1 Qxf4+ 42. Kb1 Qf5+ 0-1

[Event "2. Open Sant Adria de Besos 2018 - B"]
[Site "Sant Adria de Besos ESP"]
[Date "2018.08.14"]
[Round "6.10"]
[White "Bieg Pagel, Clemens"]
[Black "Duquesne, Julien"]
[Result "0-1"]
[WhiteElo "1841"]
[BlackElo "1816"]
[PlyCount "64"]
[EventDate "2018.08.10"]
[EventType "swiss"]
[EventRounds "9"]
[EventCountry "ESP"]
[SourceTitle "Ajedrez en Madrid"]
[Source "lmi"]
[SourceDate "2018.08.10"]
[SourceVersion "1"]
[SourceVersionDate "2019.07.09"]
[SourceQuality "1"]

1. e4 e5 2. Nf3 Nc6 3. Bb5 a6 4. Ba4 Nf6 5. O-O d6 6. d4 b5 7. Bb3 Bg4 8. c3
Be7 9. Re1 O-O 10. Be3 Na5 11. Bc2 Nc4 12. b3 Nxe3 13. Rxe3 Re8 14. d5 Bf8 15.
c4 b4 16. Qe1 a5 17. a3 Qb8 18. Nbd2 g6 19. h3 Bd7 20. g4 h6 21. a4 Nh7 22. Kh2
Be7 23. Nf1 Ng5 24. Nh4 Rf8 25. Ng3 Qb6 26. Qg1 Kg7 27. Qg2 h5 28. Nhf5+ gxf5
29. gxf5 h4 30. Nh5+ Kh6 31. Rg1 Rg8 32. Kh1 Nh7 0-1

[Event "2. Open Sant Adria de Besos 2018 - B"]
[Site "Sant Adria de Besos ESP"]
[Date "2018.08.14"]
[Round "6.11"]
[White "Mancha Cerezuela, Sergio"]
[Black "Castellon Baeza, Jose Felipe"]
[Result "1/2-1/2"]
[WhiteElo "1442"]
[BlackElo "1836"]
[PlyCount "49"]
[EventDate "2018.08.10"]
[EventType "swiss"]
[EventRounds "9"]
[EventCountry "ESP"]
[SourceTitle "Ajedrez en Madrid"]
[Source "lmi"]
[SourceDate "2018.08.10"]
[SourceVersion "1"]
[SourceVersionDate "2019.07.09"]
[SourceQuality "1"]

1. e4 d5 2. exd5 Nf6 3. Bb5+ Bd7 4. Be2 Nxd5 5. d4 e6 6. a3 g6 7. c4 Ne7 8. Nc3
Bg7 9. Nf3 O-O 10. O-O Bc6 11. Be3 b6 12. Qd2 Nf5 13. Rad1 Nxe3 14. fxe3 Nd7
15. Rf2 Qe7 16. Ne1 Nf6 17. Bf3 Bxf3 18. Rxf3 Rad8 19. Nc2 c5 20. Rff1 Bh6 21.
Qe2 Bg7 22. Qf3 cxd4 23. exd4 a6 24. Nb4 Ra8 25. Ne4 1/2-1/2